000 00769nam a2200253Ia 4500
003 OSt
005 20220927104744.0
006 a|||||r|||| 00| 0
007 ta
008 220926b |||||||| |||| 00| 0 eng d
024 _a137894
037 _cReference Collections
040 _aRTL
_cRTL
_beng
041 _2eng
_aeng
082 _a"V:1954:(X), N3/UN"
100 _aHartley Keith
_9367131
245 0 _aEconomic aspects of disarmament
_b Disarmament as a
260 _aNew
_bYork United Nations USA
_c1993
300 _a"xi, 91p."
_ccm.
500 _a"United Nations, Institute for Disarmament Research, Publication"
650 _aHistory
942 _h"V:1954:(X), N3/UN"
_cCC
999 _c688563
_d688563